Monopoles, minimal surfaces, and algebraic curves /

Guardado en:
Autor Principal: Hitchin, N. J. 1946-
Formato: Libro
Idioma:English
Publicado: Montréal, Québec, Canada : Presses de l'Université de Montréal, 1987.
Series:Séminaire de mathématiques supérieures ; 105
Materias:
Etiquetas: Agregar Etiqueta
Sin Etiquetas, Sea el primero en etiquetar este registro!
LEADER 01060cam a2200253 a 4500
001 MAT.inmabb005312
008 880823s1987####quca#####b####000#0#eng##
005 20160808160138.0
245 1 0 |a Monopoles, minimal surfaces, and algebraic curves /  |c Nigel Hitchin. 
260 |a Montréal, Québec, Canada :  |b Presses de l'Université de Montréal,  |c 1987. 
300 |a 94 p. :  |b il. ;  |c 28 cm. 
440 0 |a Séminaire de mathématiques supérieures ;  |v 105 
500 |a "Based on lectures [given] at the NATO Advanced Study Institute on Integrable Systems held at the Université de Montréal from July 29 to August 16, 1985"--P. [9]. 
504 |a Incluye referencias bibliográficas (p. [93]-94). 
510 4 |a MR,  |c 89h:58043 
020 |a 2760608018 
100 1 |a Hitchin, N. J.  |q (Nigel J.),  |d 1946- 
650 0 |a Curves, Algebraic. 
650 0 |a Differential equations, Nonlinear. 
650 0 |a Minimal surfaces. 
084 |a 58E15 (32L10 53C80 58D15 58F05 81E13)  |2 MR 
010 |a  88176667  
040 |a DLC  |c DLC  |d DLC 
859 |h 58  |i H675  |p A-6072  |b BIB. MATEMATICA